| 000 | 01189cab a22002055a 4500 | ||
|---|---|---|---|
| 001 | L142729 | ||
| 008 | 080304e20080228xxke f 000 0 eng d | ||
| 035 | _a(Sirsi) u142729 | ||
| 041 | 0 | _aeng | |
| 100 | 1 | _aMinton, Anna | |
| 245 | 0 | 4 | _aThe flat trap |
| 260 | _c2008 | ||
| 490 | 0 |
_aArchitects' Journal _v227(8) 28 February 2008, 28-31(4) |
|
| 520 | _aDiscusses the problems caused by the surge in one and two bedroom flats in British cities. Between 1997 and 2007 there was a 300% rise in the number of flats built, and in 2007 apartments accounted for 48% of all new housing starts. However, large numbers of flats are now empty. Suggests this is because the majority of apartments are small (one or two bedroom) and only appeal to mostly single professionals. Argues that apartments should also provide family housing, and that lettings policy should be reviewed to prevent buy-to-let and buy-to-leave undermining new communities. Contains nine apartment plans dating from 1927 to 2008. | ||
| 590 | _aKA | ||
| 651 | 4 |
_aUnited Kingdom _y |
|
| 690 | _aBUILT ENVIRONMENT-CONSTRUCTION DESIGN | ||
| 690 | _aPROPERTY-RESIDENTIAL PROPERTY-RESIDENTIAL PROPERTY DEVELOPMENT | ||
| 942 | _n0 | ||
| 999 |
_c79924 _d79924 |
||